000 00671nam a2200217 a 4500
005 20140310183501.0
008 100301s19uu xx 00 eng d
020 _a9780443102080
050 _aRT 120.E4
_b.J48 2007
100 _aJevon, Philip
245 _aEmergency care and first aid for nurses :
_ba practical guide /
_cPhilip Jevon...[et.al].
260 _aLondon :
_bElsevier,
_c2007.
300 _a373 p. :
_c19 cm.
521 _aNUR
650 _aEmergency medical services
_xresource guides. 2. First Aid
_xnursing.
700 _aBowden, David F.
700 _aHalliwell, David
700 _aMcMahon, Robin M.
942 _cBK
_2lcc
_kFOR
999 _c23900
_d23900